<?xml version='1.0' encoding='UTF-8'?>
  <record xmlns="http://www.loc.gov/MARC21/slim">
    <leader>00000cam a22000007i 4500</leader>
    <controlfield tag="001">ocm66834866</controlfield>
    <controlfield tag="003">OCoLC</controlfield>
    <controlfield tag="005">20250807183825.1</controlfield>
    <controlfield tag="008">031214s1881    ilua          000 0 eng d</controlfield>
    <datafield tag="040" ind1=" " ind2=" ">
      <subfield code="a">NLGGC</subfield>
      <subfield code="b">dut</subfield>
      <subfield code="e">fobidrtb</subfield>
      <subfield code="c">NLGGC</subfield>
      <subfield code="d">KA7</subfield>
      <subfield code="d">OCLCQ</subfield>
      <subfield code="d">OCLCL</subfield>
      <subfield code="d">OCLCQ</subfield>
      <subfield code="d">OCLCL</subfield>
    </datafield>
    <datafield tag="029" ind1="0" ind2=" ">
      <subfield code="a">NLGGC</subfield>
      <subfield code="b">257793038</subfield>
    </datafield>
    <datafield tag="035" ind1=" " ind2=" ">
      <subfield code="a">(OCoLC)66834866</subfield>
    </datafield>
    <datafield tag="082" ind1=" " ind2="4">
      <subfield code="a">636/.1</subfield>
      <subfield code="1">https://id.oclc.org/worldcat/ddc/E3MVGCt97rM3f7hfX9XrQhkgF3</subfield>
    </datafield>
    <datafield tag="100" ind1="1" ind2=" ">
      <subfield code="a">Pitcher, B.</subfield>
    </datafield>
    <datafield tag="245" ind1="1" ind2="4">
      <subfield code="a">The horse: a book for the people :</subfield>
      <subfield code="b">containing the practical experience, in all its forms, of a horseman of thirty-seven years standing ; ... ; with a number of receipts which the author has used for years, and found to be good both for the horse and for man /</subfield>
      <subfield code="c">by B. Pitcher ; with appendix, containing a general history of the horse ; treatises on the education and age of the horse ; and in conclusion, the statutes and betting-rules of "The National Trotting Association.</subfield>
    </datafield>
    <datafield tag="246" ind1="3" ind2=" ">
      <subfield code="a">Horse</subfield>
    </datafield>
    <datafield tag="250" ind1=" " ind2=" ">
      <subfield code="a">8th, enl. and improved, ed /</subfield>
      <subfield code="b">[with] 43 ill.</subfield>
    </datafield>
    <datafield tag="260" ind1=" " ind2=" ">
      <subfield code="a">Chicago :</subfield>
      <subfield code="b">The German News Company,</subfield>
      <subfield code="c">[1881]</subfield>
    </datafield>
    <datafield tag="300" ind1=" " ind2=" ">
      <subfield code="a">186, [6] p. :</subfield>
      <subfield code="b">ill., portr. ;</subfield>
      <subfield code="c">21 cm</subfield>
    </datafield>
    <datafield tag="758" ind1=" " ind2=" ">
      <subfield code="a">The horse: a book for the people (Text)</subfield>
      <subfield code="1">https://id.oclc.org/worldcat/entity/E39PCXt7wyFb3VrJf3xg7cKpPP</subfield>
      <subfield code="4">https://id.oclc.org/worldcat/ontology/hasWork</subfield>
    </datafield>
    <datafield tag="936" ind1=" " ind2=" ">
      <subfield code="a">BATCHLOAD</subfield>
    </datafield>
  </record>